[Event "Turnier 40 / 120"]
[Site "Wien"]
[Date "2022.04.24"]
[Round "83"]
[White "MCGE ARM CORTEX M7 - 300 MHZ"]
[Black "MCGP ARM CORTEX M4 - 120 MHZ"]
[Result "1/2-1/2"]
[BlackElo "2291"]
[WhiteElo "2405"]

1. e4 e5 2. Nf3 Nc6 3. Bb5 Nf6 4. d3 d6 5. c3 Be7 6. O-O O-O 7. Nbd2 a6 8.
Ba4 b5 {Buchende} 9. Bc2 {Buchende} Bg4 {Buchbewertung MCGP: -0,10} 10. Qe2
{Buchbewertung MCGE: +0,10 / lt. Komodo ist die Stellung exakt ausgeglichen
0,00} Qc8 {besser ist Sh5, nach dem Textzug ist Weiss leicht im Vorteil mit
ca. +0,50} 11. Re1 Rd8 12. Nf1 d5 13. exd5 Nxd5 14. h3 Bxf3 {besser ist
Lh5, Komodo +1,00 für Weiss} 15. Qxf3 Qd7 16. Bb3 Bf6 17. Nh2 Na5 18. Ng4?
{deutlich schwächer als Lc2, Komodo +0,50 für Weiss} Nxb3 19. axb3 Qd6 20.
Qe4 b4 21. Qc4 a5 22. Be3 Be7 23. d4 exd4 24. Bxd4 c5 25. Be5 Qc6 26. Bg3
Qb7 27. f3? {deutlich schwächer als De4, die Stellung ist im Lot} bxc3 28.
bxc3 Bf8 29. Rad1 a4 30. bxa4 Nb6 31. Qb5 Rxd1 32. Rxd1 Qa6 33. Qxa6 Rxa6
34. Rd8 Rxa4 35. Bc7 Nc4 36. Ne5 {etwas besser ist Se3, nach dem Textzug
ist die Partie wohl schon Remis, Komodo 0,00} Nxe5 37. Bxe5 Ra6 38. Bf4 f5
39. g4 fxg4 40. fxg4 Kf7 {Diese völlig symmetrische Stellung ohne
Freibauern und ohne vorhandene Angriffspunkte lässt nichts mehr zu,
Userentscheid: Remis} 1/2-1/2
[/pgn]
[pgn]

[Event "Turnier 40 / 120"]
[Site "Wien"]
[Date "2022.04.25"]
[Round "84"]
[White "MCGP ARM CORTEX M4 - 120 MHZ"]
[Black "MCGE ARM CORTEX M7 - 300 MHZ"]
[Result "0-1"]
[BlackElo "2405"]
[WhiteElo "2291"]

1. e4 e5 2. Nf3 Nc6 3. d4 exd4 4. Nxd4 Bb4+ 5. c3 Bc5 6. Be3 Bb6 7. Bc4
{Buchende} Nf6 {Buchende} 8. Nxc6 {Buchbewertung MCGP: +0,62} bxc6
{Buchbewertung MCGE: -0,81 / lt. Komodo steht Weiss nur knapp besser mit
ca. +0,20} 9. e5 Nd5 10. Bxd5 cxd5 11. Qxd5 Rb8 {trotz des Mehrbauern steht
Weiss nur hauchdünn besser, Komodo +0,10} 12. Bxb6 Rxb6 13. Qd2 {die
Stellung ist im Lot} Ba6 14. Kd1? {Was bitte ist das für ein unmöglicher
Zug ?, danach ist Schwarz bereits klar im Vorteil, Komodo +1,00 mit der
Fortsetzung 0-0, nötig war Sa3 mit leichtem Vorteil für Weiss} Qh4 {klar
schwächer als 0-0, Komodo +0,50 für Schwarz mit der Fortsetzung g3} 15. Kc1
O-O 16. f4 {klar schwächer als g3, Komodo +1,00 mit der Fortsetzung Te6}
Qg4? {klar schwächer als Te6 oder d6, Komodo nur noch +0,30 für Schwarz mit
der Fortsetzung Te1} 17. Qf2? {ein ganz schlechter Zug, danach ist Schwarz
bereits entscheidend im Vorteil, Komodo +1,50 mit der Fortsetzung f6} Rfb8?
{damit ist allerdings kein Blumentopf zu gewinnen, verspielt auf einen
Schlag den gesamten Vorteil, Komodo 0,00 mit der Fortsetzung b3} 18. b3 Qf5
19. g3 Re8 20. Re1 f6 21. exf6? {ein Verlustzug, damit ist die Partie
sofort verloren, Komodo +3,50 mit der Fortsetzung Txe1, nötig war c4 mit
Ausgleich (auch der Favorit hatte diesen Zug erwartet)} Rxe1+ 22. Qxe1 Re6!
{der richtige Zug, Schwarz ist auf Kurs zum Sieg, Komodo +4,00, allerdings
hat der Favorit davon keine Ahnung, denn er schätzt sich hier im Nachteil
ein mit -0,67.} 23. Qd1 Re2? {MCGE: +0,01 / ein schwacher Zug, der einen
Grossteil des Vorteil abgibt, Komodo +1,30 für Schwarz, gewonnen hätte Ld3}
24. c4 Rxh2 25. Nc3? {MCGP: -0,04; der nächste Verlustzug, danach ist die
Partie sofort verloren, Komodo +7,00 für Schwarz mit der Fortsetzung Lb7,
nötig war Dd5+ mit ca. +1,30 für Schwarz} Bb7! {diesmal nützt der Favorit
die Chance und sieht auch den klaren Gewinn, Bewertung +2,76 (der
Aussenseiter übersieht diesen Zug und rechnet hier mit Dxf6, danach wäre
Schwarz mit ca. +1,50 im Vorteil gewesen)} 26. Nd5 {MCGP realisiert den
Verlust, Bewertung -2,70} Qe4 27. fxg7 Kxg7 28. Qg4+ Kf8 29. Qg8+ Kxg8 30.
Nf6+ Kf7 31. Nxe4 Bxe4 32. b4 Rg2 33. g4 Rc2+ 34. Kd1 Rxc4 35. Rc1? {ohne
Worte} Bf3+ 36. Kd2 Rxc1 {Userentscheid: 0-1 / eine ganz schwache Partie
des Aussenseiters, mit zahlreichen spielentscheidenden Fehlern.} 0-1
[/pgn]
[pgn]

[Event "Turnier 40 / 120"]
[Site "Wien"]
[Date "2022.04.25"]
[Round "85"]
[White "MCGE ARM CORTEX M7 - 300 MHZ"]
[Black "MCGP ARM CORTEX M4 - 120 MHZ"]
[Result "1/2-1/2"]
[BlackElo "2291"]
[WhiteElo "2405"]

1. d4 e6 2. c4 Nf6 3. Nc3 Bb4 4. Nf3 c5 5. e3 Nc6 {Buchende} 6. Be2
{Buchende} cxd4 {Buchbewertung MCGP: +0,09} 7. exd4 {Buchbewertung MCGE:
+0,03 / lt. Komodo ist die Stellung exakt gleich 0,00} d5 8. O-O dxc4 9.
Bxc4 {MCGE wieder im Buch} O-O {MCGP wieder im Buch} 10. Bg5 Be7 {Buchende}
11. Re1 {Buchende} Qb6? {besser ist b6 und die Stellung ist im Lot (diesen
Zug hatte der MCGE noch im Buch), nach dem Textzug steht Weiss etwas
besser, Komodo +0,50 mit der Fortsetzung Dd2} 12. Qd2 Rd8 13. Rad1 h6 14.
Bf4 Bd7? {ein schwacher Zug, hier kann Weiss bereits mittels Lxh6 !! klar
in Vorteil kommen, Komodo +1,60, nötig war Lf8 mit geringem Vorteil für
Weiss, aber der Gewinnzug liegt natürlich ausserhalb des Machbaren für
einen Oldie} 15. Qc2? {dieser Zug bringt gar nichts für Weiss, die Stellung
ist im Lot} Rac8 16. b3? {ein schwacher Zug, danach steht Schwarz bereits
besser, Komodo +0,80 mit der Fortsetzung Lb4} Be8? {deutlich schwächer als
Lb4, Komodo +0,20 für Schwarz mit der Fortsetzung d5} 17. d5 exd5 18. Nxd5
Nxd5 19. Rxd5 Nb4 20. Rxd8 Rxd8 21. Qf5 Qf6 22. Qe4 Bc5? {ein schlechter
Zug, der Weiss bereits klar in Vorteil bringt, Komodo +1,80 mit der
Fortsetzung Lc7, deutlich besser ist Sc6 oder b5 mit jeweils nur geringem
Vorteil für Weiss} 23. Bc7 Ra8 24. a3? {ein schwacher Zug, der den Großteil
des Vorteils verspielt, Komodo +0,60 für Weiss mit der Fortsetzung Lc6,
deutlich stärker war Le5 mit ca. +2,00 für Weiss} Nc6 {etwas schwächer als
Lc6, Komodo +0,80 mit der Fortsetzung b4} 25. b4 Bd6 26. Bd3 g6 27. Bxd6
Qxd6 28. Bc4 {deutlich schwächer als b5, nach dem Textzug ist Weiss nur
noch hauchdünn im Vorteil mit ca. +0,20 mit der Fortsetzung a6} Kg7 {etwas
schwächer als a6, Komodo +0,70 mit der Fortsetzung b5} 29. Qe3 {b5 wird
aber neuerlich verschmäht, die Stellung ist wieder im Lot, Komodo 0,00} Qf6
{besser ist Td8, Komodo +0,80 mit der Fortsetzung b5} 30. b5 Na5 31. Bf1 b6
{besser ist a6, Komodo +1,30 mit der Fortsetzung Se5} 32. Ne5 Qe7 33. h3
{besser ist Dc3, Komodo +1,00 für Weiss mit der Fortsetzung Td8} Qc5? {ein
Verlustzug, danach ist die Partie verloren, Komodo +2,80 mit der
Fortsetzung Dd2} 34. Qd2 h5 35. Qb2 {ein schwacher Zug, der einen Großteil
des Vorteiles verspielt, Komodo +0,70 für Weiss mit der Fortsetzung f6,
aber an dieser Stelle kein Vorwurf, der Gewinnzug g4 !!! war wirklich nicht
leicht zu sehen und der Textzug sieht ja logisch aus, deckt den B-Bauern
und droht mit Abzugschach, das hätten wahrscheinlich fast alle Geräte und
auch ein überwiegender Teil der menschlichen Spieler gezogen} Kg8? {der
nächste Verlustzug, wieder gewinnt g4, Komodo +4,00, nötig war wie gesagt
f6, aber g4 sieht halt bei oberflächlicher Betrachtung nach einer klaren
Schwächung des eigenen Königsflügels aus, also das zu finden, ist alles
andere als einfach, daher kein Vorwurf.} 36. Rc1 {War klar, Komodo +0,80
für Weiss} Qd6 37. Qc3 Rd8? {deutlich besser ist Df6, Komodo +2,00 mit der
Fortsetzung Sc6} 38. Re1? {der Favorit kann wieder nichts draus machen,
nach dem Textzug ist jeglicher Vorteil dahin, Komodo 0,00 mit der
Fortsetzung f6} f6 39. Nf3 Bf7 40. Be2 Kg7 41. Ng5 Qd2 42. Qxd2 Rxd2 43.
Nxf7 Kxf7 44. Kf1 Rd5 45. Rd1 Ke6 46. Rc1 Rc5 47. Re1 Kf7 48. Rd1 Ke6 49.
Re1 Kd7 50. a4 Nc4 51. Bd3 f5 52. Re2 Nd6 53. Rd2 Ke6 54. Re2+ Kf6 55. Rd2
Nc4 56. Rc2 Na5 57. f4 h4 58. Kf2 Nb3 59. Ke3 Rxc2 60. Bxc2 Nc5 61. Kd4
{die Stellung ist Remis, Komodo 0,00} Ke6 62. a5 Kd6 63. axb6 axb6 64. Ke3
Ne6 65. Bb3 Nc7 66. Bf7 Nxb5 67. Bxg6 Ke6 68. Bh7 Nc3 69. Bg8+ Kd6 70. Bc4
Ne4 71. Kd4 Nc5 72. Ke3 Kc6 73. Bg8 Ne4 74. Kd4 Kd6 75. Bc4 Nf6 76. Bd3 Ke6
77. Bc4+ Kd6 78. Bd3 Ke6 79. Bc4+ Kd6 {Stellungswiederholung} 1/2-1/2
[/pgn]
[pgn]

[Event "Turnier 40 / 120"]
[Site "Wien"]
[Date "2022.04.26"]
[Round "86"]
[White "MCGP ARM CORTEX M4 - 120 MHZ"]
[Black "MCGE ARM CORTEX M7 - 300 MHZ"]
[Result "1/2-1/2"]
[BlackElo "2405"]
[WhiteElo "2291"]

1. Nf3 e6 2. g3 b5 {Buchende} 3. d4 {Buchende} Bb7 {Buchbewertung MCGE:
-0,20} 4. Bg2 {Buchbewertung MCGP: +0,28 / lt. Komodo steht Weiss etwas
besser mit ca. +0,30} Nf6 5. c3 {MCGP wieder im Buch} c5 {MCGE wieder im
Buch} 6. O-O Be7 7. Bg5 {Buchende} cxd4 {Buchende} 8. Nxd4 Bxg2 9. Kxg2 a6
10. a4 bxa4 11. Qxa4 O-O 12. Nd2 d5 13. N2f3 Qb6 14. c4 Ra7 15. cxd5 Nxd5
16. Bxe7 Nxe7 17. Rfc1 Rd8 18. e3 Rb7 19. Rc2 Ng6 20. Ra3 Qd6 {Weiss steht
etwas besser, Komodo +0,70} 21. Qa5 Qb6 22. Ra4 {besser ist Dxb6, Komodo
+0,30 für Weiss} Qxa5 23. Rxa5 h6 24. h3 Kf8 25. b3 Kg8 26. Rc3 Rdd7 27.
Rac5 Rd6 28. R3c4 Rdb6 29. Rc8+ Kh7 30. Nd2 Ne7 31. R8c5 f6 32. Rc7 e5 33.
Rxb7 Rxb7 34. Ne6 Rb6 35. Nc5 Rb5 36. Kf3 h5 37. Nde4 a5 38. Nc3 Rb6 39.
Ra4 Nbc6 40. Ra1 Kg6 41. Rd1 Nb8 42. Rd8 Rb4 43. Ke2 Kh7 44. f3 Kg6 45. g4
hxg4 46. hxg4 Nec6 47. Re8 Rb6 48. N3e4 Na7 49. Re7 Nbc6 50. Rc7 Nb5 51.
Rd7 Nb8 52. Re7 Nc6 53. Nd7 Nxe7 54. Nxb6 Nc6 55. Nc4 Nc7 56. Ned6 Kg5 57.
Nb7 e4 58. Nbxa5 Nb4 59. Nb7 {die Stellung ist im Lot} exf3+ 60. Kxf3 Nd3
61. Nbd6 Na6 62. Kg3 Nab4 63. Ne4+ Kg6 64. Nc3 Kf7 65. Nd2 Ke6 66. Ne2 {die
Partie ist wohl nicht mehr zu gewinnen, Schwarz braucht am Königsflügel nur
die beiden Bauern zu tauschen und könnte dann sogar einen Springer für den
letzten Bauern von Weiss geben, ist hier wohl schon klares Remis} Nc5 67.
Kg2 Ke7 68. Nd4 g6 69. Kf3 Nbd3 70. Nc2 Ne6 71. Kg3 Ng5 72. Nd4 Kd6 73. Ne2
Kd5 74. Nc3+ Ke5 75. Nf3+ Nxf3 76. Kxf3 g5 77. Kg2 Ke6 78. Kh2 Ke5 79. Kg1
{Userentscheid: Remis} 1/2-1/2
[/pgn]
[pgn]

[Event "Turnier 40 / 120"]
[Site "Wien"]
[Date "2022.04.27"]
[Round "87"]
[White "MCGE ARM CORTEX M7 - 300 MHZ"]
[Black "MCGP ARM CORTEX M4 - 120 MHZ"]
[Result "1/2-1/2"]
[BlackElo "2291"]
[WhiteElo "2405"]

1. e4 c5 2. Ne2 d6 3. d4 {Buchende} Nf6 4. Nbc3 cxd4 5. Nxd4 {MCGE wieder
im Buch} a6 6. f3 e5 7. Nb3 Be6 8. Be3 Be7 9. Qd2 O-O {Buchende} 10. Rg1
{Buchende} d5 {Buchbewertung MCGP: +0,20} 11. Nxd5 {Buchbewertung MCGE:
-0,25; besser ist exd5, Komodo +0,40 für Schwarz} Nxd5 {besser ist Lxd5,
nun steht Weiss knapp besser mit ca. +0,50} 12. exd5 Qxd5 13. Bd3 {besser
ist Dxd5, nun wechselt der Vorteil wieder zu Schwarz, Komodo +0,50} Rc8
{besser ist a5, die Stellung ist im Lot} 14. Rd1 {etwas besser ist 0-0-0,
aber der Verzicht auf die lange Rochade ist lt. Komodo keine Katastrophe,
+0,30 für Schwarz mit der Fortsetzung f5} Qd7 15. Qa5? {ein sinnloser
Ausflug der weissen Dame der Schwarz in Vorteil bringt, dort wird sie doch
klarerweise sofort wieder vertrieben, Komodo +1,20 mit der Fortsetzung De8,
verwundert auch etwas dass dieser Zug besser sein soll als das naheliegende
Sc6, aber auch eine Überprüfung mit Stockfish ergibt das Gleiche, die beste
Fortsetzung ist De8 (Stockfish bewertet das schon mit +2,00 für Schwarz) ?}
Nc6 {ja klar, der naheliegendste Zug, der auch nicht viel schlechter ist
als De8, Schwarz bleibt im Vorteil mit ca. +0,80 lt. Komodo} 16. Qd2
{reumütig kehrt die Dame zurück, wo sie herkam} Qc7 17. c3 e4? {verspielt
wieder den Vorteil, Komdo 0,00 mit der Fortsetzung Lf4, deutlich stärker
ist f5} 18. Bf4 Bd6 19. Bxd6 Qxd6 20. Bxe4 Qxh2 21. Kf2 Qh4+ 22. g3 Qh2+
23. Ke3 Qh6+ 24. Kf2 Qh2+ 25. Ke3 {ein Remisangebot durch
Stellungswiederholung.} Qxd2+ {MCGP lehnt das Remis ganz knapp ab,
Bewertung +0,03, lt. Komodo hätte er besser akzeptiert, Weiss ist knapp im
Vorteil mit ca. +0,40, aber klarerweise im 30. HZ von etwas
spielentscheidenden kann hier natürlich nicht gesprochen werden, die Partie
bleibt völlig offen} 26. Rxd2 Rab8 27. Kf2 b6 28. Rgd1 h6 29. Bxc6 Bxb3 30.
axb3 Rxc6 31. b4 Re8 32. Rd6 Rxd6 {besser ist T8e6, nach dem Textzug ist
Weiss etwas im Vorteil mit ca. 0,80 lt. Komodo} 33. Rxd6 Rb8 34. c4
{deutlich besser ist Ke3, nach dem Textzug nähert sich die Stellung dem
Ausgleich, Komodo -0,20 mit der Fortsetzung Kf8} Kf8 35. Rd1 {minimalen
Vorteil versprach noch Tc6, nach dem Textzug ist die Partie bereits Remis,
Komodo 0,00} Ke8 36. b3 a5 37. bxa5 bxa5 38. Rd3 Rd8 39. Re3+ Kd7 40. Ke2
Kc6 41. Re7 Rd7 42. Re5 Rb7 43. Rxa5 Rxb3 44. Ra7 Rb7 45. Rxb7 Kxb7 46. Kd3
Kc6 47. Kd4 Kd6 48. f4 h5 49. c5+ Kc6 50. f5 g5 51. fxg6 fxg6 52. Ke5 g5
53. Kf5 h4 54. gxh4 gxh4 55. Kg4 Kxc5 56. Kxh4 {Zu wenig Material} 1/2-1/2
[/pgn]
[pgn]

[Event "Turnier 40 / 120"]
[Site "Wien"]
[Date "2022.04.28"]
[Round "88"]
[White "MCGP ARM CORTEX M4 - 120 MHZ"]
[Black "MCGE ARM CORTEX M7 - 300 MHZ"]
[Result "0-1"]
[BlackElo "2405"]
[WhiteElo "2291"]

1. e4 e5 2. Bc4 Nc6 3. d3 Nf6 4. a3 {Buchende} Bc5 {Buchende} 5. Nf3
{Buchbewertung MCGP: +0,04} d6 {Buchbewertung MCGE: +0,03 / lt. Komodo ist
die Stellung etwa gleich} 6. Nc3 O-O 7. Na4 Bb6 8. Bg5 h6 9. Nxb6 axb6 10.
Bh4 Qe7 11. c3 Be6 12. Bb3 Bxb3 13. Qxb3 Qe6 14. Qxe6 fxe6 15. Bxf6 Rxf6
16. Kd2 {die Stellung ist im Lot} Nb8 17. Ke3 Nd7 18. Nd2 b5 19. f3 Kf7 20.
d4 Rg6 21. Rhg1 exd4+ 22. cxd4 e5 23. d5 c5 24. Rac1 h5 25. Rc3 Ra4 26. g3
Rf6 27. f4 b4 28. axb4 Rxb4 29. b3 {etwas besser ist Tb3, die Stellung ist
im Lot, Komodo 0,00} Rg6 30. Re1 exf4+ 31. gxf4 Rg4 32. Rh1 b5 33. Ra1?
{ein schwacher Zug, der Schwarz klar in Vorteil bringt, Komodo +1,70 mit
der Fortsetzung Sf6, nötig war T3c1 mit nur geringem Vorteil für Schwarz}
Nf6 34. Rd3 Rg2 35. Rh1 h4! {ein ganz starker Zug, der die Partie schon zu
Gunsten von Schwarz entscheidet, Komodo +3,80, der MCGP hatte Sg4+
erwartet, was Komodo mit ca. +1,70 bewertet hätte} 36. Ra1 Rxh2 37. Rg1 g6!
{wieder die beste Fortsetzung, Komodo +5,00} 38. e5? {beschleunigt den
Untergang beträchlich, Komdo +9,00 mit der Fortsetzung dxe5, besser ist
noch Kf3, verliert aber auch schon klar} dxe5 39. fxe5 Ng4+ 40. Rxg4 Rxg4
41. Nf3 Rg3 42. Rd1 Rhh3 43. Rf1 Rxf3+ 44. Rxf3+ Rxf3+ 45. Kxf3 c4 {Komodo
Matt in 28 LOL, Rest geschenkt} 0-1
[/pgn]
[pgn]

[Event "Turnier 40 / 120"]
[Site "Wien"]
[Date "2022.04.28"]
[Round "89"]
[White "MCGE ARM CORTEX M7 - 300 MHZ"]
[Black "MCGP ARM CORTEX M4 - 120 MHZ"]
[Result "1-0"]
[BlackElo "2291"]
[WhiteElo "2405"]

1. e4 e5 2. d4 Nc6 3. dxe5 Nxe5 4. f4 Nc6 {Buchende} 5. Bc4 {Buchende} Qe7?
{Buchbewertung MCGP: -0,23, gleich der erste berechnete Zug ist schwach und
bringt Weiss bereits in Vorteil, Komodo +1,00 mit der Fortsetzung Sc3, nach
Sf6 wäre die Stellung im Lot gewesen} 6. Qe2 {Buchbewertung MCGE: +0,10 /
etwas schwächer als Sc3, Komodo +0,60 für Weiss} d6 7. Nc3 Nf6 8. Nf3 Bg4
9. Bb5 a6 10. Bxc6+ bxc6 11. O-O d5 12. e5 Nd7 13. h3 Bxf3 14. Rxf3 Qb4 15.
Kh1 Bc5? {ein schwacher Zug, der Weiss bereits klar in Vorteil bringt,
Komodo +1,80 mit der Fortsetzung a3, deutlich besser ist Le7} 16. a3 Qb6
17. e6? {ein schwacher Zug, Komodo +1,00 für Weiss, deutlich stärker ist
Tg3 mit ca. +2,00} Nf6 18. Na4 Qa5 19. Nxc5? {mit diesem Zug ist ein
Grossteil des Vorteils dahin, Komodo nur noch +0,60 für Weiss, deutlich
besser ist b3 mit ca. +1,20, klar nach dem Textzug kann der schwarze
Springer das mächtige Feld e4 einnehmen und ist dort eine Grossmacht.} Qxc5
20. b4 Qd6 {etwas besser ist De7, Komodo +0,90 für Weiss} 21. exf7+ Kxf7
22. Bb2 a5 23. Be5 Qe7 24. b5 c5? {ein ganz schwacher Zug, der die Partie
praktisch schon verliert, Komodo +2,50 mit der Fortsetzung Te3, deutlich
besser ist cxb5 mit ca. +1,10 für Weiss} 25. Qd3 {deutlich schwächer als
Te3, Komodo +1,50} c4 26. Qd4 Rhd8 27. Rg3 Rd7 28. Re3 Qf8? {ein
Verlustzug, danach ist die Partie schon verloren, Komodo +3,00 mit der
Fortsetzung Lxf6, nötig war Dd8 mit ca. +1,50 für Weiss} 29. Rae1?
{deutlich schwächer als Lxf6, Komodo -1,50 mit der Fortsetzung Kg8} Ne8?
{der MCGP verwirft im letzten Augenblick den deutlich besseren Zug Kg8 zu
Gunsten des Textzuges, Komodo +3,50 mit der Fortsetzung f5, damit ist die
Partie wieder verloren.} 30. Qd1? {und der Favorit verwirft im letzten
Augenblick den Gewinnzug f5 zu Gunsten des Textzuges, Komodo -1,80 mit der
Fortsetzung Kg8} Kg8 31. Bc3 Nf6 32. Re6 d4 33. Bxd4 Qxa3? {ein Verlustzug,
Komodo +4,00 mit der Fortsetzung Txf6, deutlich mehr Widerstand bot noch c3
mit ca. +2,00 für Weiss} 34. c3 {deutlich schwächer als Txf6, aber hier
kein Vorwurf das war für einen Oldie schon kaum zu sehen, nach dem Textzug
ist Weiss aber immer noch entscheidend im Vorteil, Komodo +2,50} Rf8
{besser ist Df8, Komodo +3,30 mit der Fortsetzung De2} 35. Qe2 Qb3 36. Bxf6
gxf6 37. Re8 {Komodo +7,00} Qa3 38. Qe6+? {um 4,5 Bauerneinheiten
schlechter als Dg4+, trotzdem steht Weiss noch klar auf Gewinn, Komodo
+2,70} Rf7 39. Qxc4 Kg7 40. Rxf8 {besser ist Kh2, Komodo +2,50 für Weiss}
Qxf8 41. Re6 Rd7 42. Ra6 Qe7 43. Rxa5 {ein 2. Mehrbauer für Weiss
entscheidet wohl die Partie, Komodo +3,00} Qe3 44. Ra1 Qg3 45. Qe6 Qd3 46.
Kh2 Qd2? {verliert forciert, Komodo +12,00 mit der Fortsetzung Dg4+, mehr
Widerstand bot noch Dd5, verliert aber auch schon klar.} 47. Qg4+ Kh8 48.
Ra7 Qd5 49. b6 Rg7 50. b7 Rxg4 51. hxg4 Qb3 52. Ra8+ Kg7 53. b8=Q
{Userentscheid: 1-0} 1-0
[/pgn]
[pgn]